000 00534nam a2200193 a 4500
001 1770453313596
003 YourLibrary
005 20260207140846.0
008 260207s1994##################000#0#eng##
020 _a9781852785819
082 0 4 _a330.157
_bBOE
100 1 _aBoettke, Peter J.,
_eauthor.
245 1 0 _aThe Elgar Companion to Austrian Economics :
260 _bEdward Elgar Publishing,
_c1994.
300 _a656 pages
650 0 _aBusiness & Economics.
942 _cENGLISH
040 _aYourLibrary
_beng
_cYourLibrary
999 _c611113
_d611113